Viajes interplanetarios en zepelines que tendrán lugar el año 2009 /
محفوظ في:
| المؤلف الرئيسي: | |
|---|---|
| التنسيق: | كتاب |
| اللغة: | Spanish |
| منشور في: |
Colombia:
Kimpress : Laguna Libros,
2011.
|
| سلاسل: | Colección Laguna Fantástica ;
3 |
| الموضوعات: | |
| الوسوم: |
إضافة وسم
لا توجد وسوم, كن أول من يضع وسما على هذه التسجيلة!
|
MARC
| LEADER | 00000nam a22000007a 4500 | ||
|---|---|---|---|
| 008 | 141120s2001 ck |r|||| 000 1 spa d | ||
| 020 | |a 9789589988749 | ||
| 040 | |a CRU CIICLA | ||
| 082 | |a C863.4 |b S633v | ||
| 100 | 1 | |a Sliger Vergara, Manuel Francisco |c 1900-1964 | |
| 245 | 1 | 0 | |a Viajes interplanetarios en zepelines que tendrán lugar el año 2009 / |c M.F. Sliger V. |
| 260 | |a Colombia: |b Kimpress : Laguna Libros, |c 2011. | ||
| 300 | |a 393 páginas | ||
| 490 | 1 | |a Colección Laguna Fantástica ; |v 3 | |
| 650 | 1 | 4 | |a LITERATURA COLOMBIANA |v NOVELA |
| 650 | 1 | 4 | |a NOVELA DE CIENCIA FICCION |
| 942 | |2 ddc |c BK | ||
| 999 | |c 3601 |d 3601 | ||



